000 00538nam a2200169Ia 4500
008 110201s9999 xx 000 0 und d
082 _bB1502
_aN 54
100 _aबोरकर कमलाकर
245 _aसाक्षात्कार
260 _bत्रिदल प्रकाशन
365 _b12
600 _aबोरकर कमलाकर
630 _aसाक्षात्कार
700 _aबोरकर कमलाकर
730 _aसाक्षात्कार
942 _cBOOK
999 _c828736
_d828733